banner-ar

الاتجاهات الحديثة فى المكتبات والمعلومات : (Record no. 62314)

MARC details
000 -الفاتح
حقل البيانات ثابتة الطول 01218nam a22002537a 4500
005 - وقت وتاريخ اخر تعامل مع التسجيلة
رقم الضبط 20240530110544.0
008 - عناصر البيانات ثابتة الطول - معلومات عامة
حقل البيانات ثابتة الطول 141207s2012 ua a g b 000 0 ara d
017 ## - رقم الايداع القانونى
رقم الايداع القانونى 6534
المصدر ( الهيئة المختصة) مصر . دار الكتب المصرية
040 ## - مصدر الفهرسة
وكالة الفهرسة الأصلية EG-CaGPL
082 04 - رقم تصنيف ديوى العشرى
رقم التصنيف 020\
رقم المادة ا ا
رقم الطبعة 21
245 02 - بيان العنوان
العنوان الاتجاهات الحديثة فى المكتبات والمعلومات :
بقية العنوان كتاب دورى يصدر مؤقتا مرتين فى السنة.
رقم الجزء/قسم العمل المجلد التاسع عشر، العدد السابع والثلاثون (2012) /
بيان المسئوليه,etc رئيس التحرير اسامة السيد محمود.
260 ## - PUBLICATION, DISTRIBUTION, ETC. (IMPRINT)
تاريخ النشر أو التوزيع 2012.
300 ## - الوصف المادى
التعداد 362 ص. :
تفاصيل ماديه اخرى للوعاء ايض ؛
أبعاد الوعاء 26 سم
504 ## - تبصرة ببليوجرافية
تبصرة ببليوجرافية,الخ يشتمل على ارجاعات ببليوجرافية.
650 04 - المدخل الاضافى بالموضوع-مصطلح موضوعى
مصطلح موضوعي المكتبات
التقسيم الفرعي العام علم
650 04 - المدخل الاضافى بالموضوع-مصطلح موضوعى
مصطلح موضوعي المعلومات
التقسيم الفرعي العام علم
650 04 - المدخل الاضافى بالموضوع-مصطلح موضوعى
مصطلح موضوعي الخدمة المكتبية
التقسيم الفرعي العام علم
650 04 - المدخل الاضافى بالموضوع-مصطلح موضوعى
مصطلح موضوعي شبكات المكتبات والمعلومات
650 04 - المدخل الاضافى بالموضوع-مصطلح موضوعى
مصطلح موضوعي المكتبات
التقسيم الفرعي العام برامج الحاسبات
650 04 - المدخل الاضافى بالموضوع-مصطلح موضوعى
مصطلح موضوعي المكتبات
التقسيم الفرعي العام فهارس
650 04 - المدخل الاضافى بالموضوع-مصطلح موضوعى
مصطلح موضوعي نظم المعلومات
700 0# - المدخل الاضافى - اسم شخصى
الإسم الشخصى اسامة السيد محمود،
الدور رئيس التحرير.
942 ## - عناصر المدخل الإضافي( كوها)
مصدر التصنيف او مخطط الترفيف Dewey Decimal Classification
Koha [default] item type كتاب
260 ## - PUBLICATION, DISTRIBUTION, ETC. (IMPRINT)
-- القاهرة :
-- المكتبة الاكاديمية،
Holdings
حالة التراجع حالة الفقد حالة تلف ليس للاعارة المكان المؤقت الموقع الحالى تاريخ الاكتساب اجمالي اﻻعارات رقم الطلب الباركود تاريخ اخر مشاهدة تاريخ تفعيل السعر نوع وعاء كوها
        مكتبة القاهرة الكبرى مكتبة القاهرة الكبرى 05/19/2016   020\ ا ا 161999 05/19/2016 05/19/2016 كتاب

Powered By

EGPV